Normal view MARC view

Entry Personal Name

Number of records used in: 1

001 - CONTROL NUMBER

  • control field: 168791

003 - CONTROL NUMBER IDENTIFIER

  • control field: OSt

005 - DATE AND TIME OF LATEST TRANSACTION

  • control field: 20220923225651.0

008 - FIXED-LENGTH DATA ELEMENTS

  • fixed length control field: 220923|| aca||aabn | a|a d

040 ## - CATALOGING SOURCE

  • Original cataloging agency: OSt
  • Transcribing agency: OSt

100 ## - HEADING--PERSONAL NAME

  • Personal name: पंजवाणी, रामु प्रतापराइ

670 ## - SOURCE DATA FOUND

  • Source citation: Work cat.: (OSt)379746: पंजवाणी, रामु प्रतापराइ, सिन्धी टे कहानियूं, 1973
Copyright @ Delhi University Library System